| 000 | 00403nam a2200145 a 4500 | ||
|---|---|---|---|
| 005 | 20140310183255.0 | ||
| 008 | 041026s19uu xx 00 eng d | ||
| 050 |
_a PE 1137 _b.R353 [ca.2000] |
||
| 100 | _aReid, Alison | ||
| 245 | _aSpoken english/. | ||
| 300 |
_a114 p. : _bill. ; _c20 cm. |
||
| 650 |
_aEnglish language _xPronounciation by foreign speakers. |
||
| 942 |
_cBK _2lcc _kFOR |
||
| 999 |
_c20854 _d20854 |
||